La política pública de elevar la calidad de la educación superior: un análisis del proceso de autoevaluación y de acreditación nacional /

Wedi'i Gadw mewn:
Manylion Llyfryddiaeth
Prif Awdur: Abarca Rodríguez, Allan
Awduron Eraill: Guzmán Léon, Juany
Fformat: Texto
Pynciau:
Tagiau: Ychwanegu Tag
Dim Tagiau, Byddwch y cyntaf i dagio'r cofnod hwn!

MARC

LEADER 00000 a a2200000 04500
001 45195
003
040
090 |a REV1228 725213A2014 2002  
100 |a Abarca Rodríguez, Allan  
245 |a La política pública de elevar la calidad de la educación superior:   |b un análisis del proceso de autoevaluación y de acreditación nacional /  |c Allan Abarca Rodríguez; Juany Guzmán Léon  
650 |a INSTITUCIONES DE ENSEÑANZA SUPERIOR  
650 |a EVALUACION  
650 |a EVALUACION  
650 |a NORMALIZACION  
650 |a SINAES  
700 |a Guzmán Léon, Juany  
773 |g volumen725, número A2-213-014 (2002)  
999 |c 34595  |d 34595